Escape from Central Asia (Record no. 9853)
[ view plain ]
| 000 -LEADER | |
|---|---|
| fixed length control field | 00589nam a2200229 a 4500 |
| 020 ## - INTERNATIONAL STANDARD BOOK NUMBER | |
| ISBN | |
| 082 00 - DEWEY DECIMAL CLASSIFICATION NUMBER | |
| Classification number | 297.4 |
| Author Cutter | SHA9 |
| 100 ## - MAIN ENTRY--AUTHOR NAME | |
| Author name | Shah, Ikbal Ali |
| 245 ## - TITLE STATEMENT | |
| Title | Escape from Central Asia |
| 260 ## - PUBLICATION, DISTRIBUTION, ETC. (IMPRINT) | |
| Place of publication | London |
| Name of publisher | Octagon Press |
| Year of publication | 1980 |
| 300 ## - PHYSICAL DESCRIPTION | |
| Number of Pages | 179p |
| 500 ## - GENERAL NOTE | |
| General note | includes index and biblioraphy |
| 505 2# - FORMATTED CONTENTS NOTE | |
| Formatted contents note | English Rendering Muhammad Akbnar Muradpuri, Abul Aziz Kamal |
| 942 ## - ADDED ENTRY ELEMENTS (KOHA) | |
| Koha item type | Books |
| 700 1# - | |
| -- | Shah, Ikbal Ali |
| Collection code | Home library | Current library | Date acquired | Cost, normal purchase price | Full call number | Accession Number | Koha item type |
|---|---|---|---|---|---|---|---|
| Henry Martyn Institute Library | Henry Martyn Institute Library | 03/07/2008 | 440.00 | 297.4 SHA9 | 018549 | Books |
